Пространства историй и истории пространств: метаморфозы восприятия, присвоение, созидание (Запись № 12488328)

Подробности
000 -МАРКЕР
контрольное поле 03649nam0a2200421 4500
001 - ИДЕНТИФИКАТОР ЗАПИСИ
контрольное поле RU\NLR\BIBL_A\012570064
005 - ИДЕНТИФИКАТОР ВЕРСИИ
контрольное поле 20241028122409.0
010 ## - МЕЖДУНАРОДНЫЙ СТАНДАРТНЫЙ НОМЕР КНИГИ (ISBN)
Номер (ISBN) 978-5-91326-608-8
Тираж 100
021 ## - НОМЕР ГОСУДАРСТВЕННОЙ РЕГИСТРАЦИИ
Код страны Российская Федерация
Номер КН-П-21-018269
Номер Листа государственной регистраци КН-П-21-1423
035 ## - ДРУГИЕ СИСТЕМНЫЕ НОМЕРА
Идентификатор записи (NLR Aleph) 012570064
100 ## - ДАННЫЕ ОБЩЕЙ ОБРАБОТКИ
Данные общей обработки 20210726d2020 k y0rusy50 ca
101 0# - ЯЗЫК РЕСУРСА
Язык текста, звукозаписи и т.д. русский
-- английский
Язык резюме английский
-- русский
102 ## - СТРАНА ПУБЛИКАЦИИ ИЛИ ПРОИЗВОДСТВА
Страна публикации Российская Федерация
105 ## - ПОЛЕ КОДИРОВАННЫХ ДАННЫХ: ТЕКСТОВЫЕ МАТЕРИАЛЫ, МОНОГРАФИЧЕСКИЕ
Кодированные данные о монографическом текстовом документе ab z 000yy
181 #0 - ПОЛЕ КОДИРОВАННЫХ ДАННЫХ: ВИД СОДЕРЖАНИЯ
Код вида содержания (ISBD) i
Код характеристики содержания (ISBD) axxe
182 #0 - ПОЛЕ КОДИРОВАННЫХ ДАННЫХ: ТИП СРЕДСТВА
Код типа средства (ISBD) n - непосредственное
200 1# - ЗАГЛАВИЕ И СВЕДЕНИЯ ОБ ОТВЕТСТВЕННОСТИ
Основное заглавие Пространства историй и истории пространств: метаморфозы восприятия, присвоение, созидание
Параллельное заглавие Spaces of histories and histories of spaces: metamorphoses of perception, acquirement, creation
Сведения, относящиеся к заглавию материалы международной научной конференции (XVI чтения памяти профессора Николая Петровича Соколова), Нижний Новгород, 16-17 ноября 2018 г.
Первые сведения об ответственности Министерство науки и высшего образования Российской Федерации, Национальный исследовательский Нижегородский государственный университет им. Н.И. Лобачевского
Последующие сведения об ответственности под ред. А.Н. Маслова и А.В. Махлаюка
Язык параллельного заглавия английский
203 ## - ВИД СОДЕРЖАНИЯ И ТИП СРЕДСТВА
Вид содержания Текст
Дополнительные сведения об издании визуальный
Тип средства непосредственный
210 ## - ПУБЛИКАЦИЯ, РАСПРОСТРАНЕНИЕ И ДР.
Место издания, распространения и т.д. Нижний Новгород
Имя издателя, распространителя и т. д. Изд-во Нижегородского госуниверситета
Дата издания, распространения и т.д. 2020
215 ## - ФИЗИЧЕСКАЯ ХАРАКТЕРИСТИКА
Специфическое обозначение материала и объем 241, [1] с.
Другие сведения о физической характеристике цв. ил., карт.
Размеры 21
300 ## - ОБЩИЕ ПРИМЕЧАНИЯ
Текст примечания На концевой тит. с. загл.: Материалы международной научной конференции "Пространства историй и истории пространств: метаморфозы восприятия, присвоение, созидание" (XVI чтения памяти профессора Николая Петровича Соколова)
300 ## - ОБЩИЕ ПРИМЕЧАНИЯ
Текст примечания Текст и рез. докл. на рус. и англ. яз.
320 ## - ПРИМЕЧАНИЯ О НАЛИЧИИ В ДОКУМЕНТЕ БИБЛИОГРАФИИ / УКАЗАТЕЛЯ
Текст примечания Библиогр. в конце докл.
510 1# - ПАРАЛЛЕЛЬНОЕ ЗАГЛАВИЕ
Параллельное заглавие Spaces of histories and histories of spaces: mrtamorphoses of erception, acquirement, creation
Язык заглавия английский
517 1# - ДРУГИЕ ВАРИАНТЫ ЗАГЛАВИЯ
Вариант заглавия Материалы международной научной конференции "Пространства историй и истории пространств: метаморфозы восприятия, присвоение, созидание" (XVI чтения памяти профессора Николая Петровича Соколова)
606 1# - НАИМЕНОВАНИЕ ТЕМЫ КАК ПРЕДМЕТ
Наименование темы Историческая память
Географический подзаголовок Европейские страны
Формальный подзаголовок Съезды, совещания и т.п
Код системы nlr_sh2
Идентификатор авторитетной/нормативной записи RU\NLR\AUTH\6601662430
686 1# - ИНДЕКСЫ ДРУГИХ КЛАССИФИКАЦИЙ
Индекс Т3(0)0-72я431
686 1# - ИНДЕКСЫ ДРУГИХ КЛАССИФИКАЦИЙ
Индекс Т3(0)в.я431
702 #1 - ИМЯ ЛИЦА - ВТОРИЧНАЯ ОТВЕТСТВЕННОСТЬ
Начальный элемент ввода Маслов
Часть имени, кроме начального элемента ввода А. Н.
Дополнения к именам, кроме дат канд. ист. наук
Даты 1976-
Расширение инициалов личного имени Артем Николаевич
Идентификатор авторитетной/нормативной записи RU\NLR\AUTH\77122312
Код отношения Редактор
711 12 - НАИМЕНОВАНИЕ ОРГАНИЗАЦИИ - АЛЬТЕРНАТИВНАЯ ОТВЕТСТВЕННОСТЬ
Начальный элемент ввода Чтения памяти Н. П. Соколова
Порядковый номер временной организации и / или порядковый номер ее части 16
Дата проведения временной организации 2018
Место проведения временной организации Нижний Новгород
Идентификатор авторитетной/нормативной записи RU\NLR\AUTH\880547984
712 02 - НАИМЕНОВАНИЕ ОРГАНИЗАЦИИ - ВТОРИЧНАЯ ОТВЕТСТВЕННОСТЬ
Начальный элемент ввода Национальный исследовательский Нижегородский государственный университет им. Н. И. Лобачевского
Идентификатор авторитетной/нормативной записи RU\NLR\AUTH\880617520
Код отношения Издающая организация
942 ## - ДОПОЛНИТЕЛЬНЫЕ ЭЛЕМЕНТЫ ЗАПИСИ (АБИС)
Тип экземпляра АБИС Книга
980 ## - КОЛЛЕКЦИЯ
Название коллекции НБР
980 ## - КОЛЛЕКЦИЯ
Название коллекции Национальная библиография

Нет доступных экземпляров.